000 00582nam a2200217Ia 4500
003 GCL
008 140319s9999 xx 000 0 eng d
040 _aGCL /
_cGCL
082 0 4 _a892.7
_bH I
100 1 _aHAFIDH, YASSEN TAHA
245 1 0 _aTRAQI SHORT STORIES: AN ANTHOLOGY /
_cHAFIDH, YASSEN TAHA
700 1 _aAL-DILAIMI, LUTFIYAN
260 _a[S.N] :
_bDAR AL- MAMUN ،
_c1988
300 _a426 P
650 0 4 _aSHORT STORIES
650 0 4 _aARABIC LITERATURE
650 0 4 _aIRAQ - LITERATURE
650 0 4 _aIRAQ - STORIES
650 0 4 _aARABIC STORIES
942 _2ddc
_cBK
999 _c10943
_d10943